000 01088nam a2200301 i 4500
003 EG-GICUC
005 20260429181756.0
008 260429s1920 eg ||||fr|||| 00| 0 fre d
040 _aEG-GiCUC
_bfre
_cEG-GiCUC
_dEG-GiCUC
_eRda
041 0 _afre
082 0 4 _221
_a343.3
_bCO
092 0 4 _221
099 _aLaw1 10 343.3 CO 1920
110 _kMinistry of Justice
245 0 0 _aCode of criminal procedure of the Egyptian native tribunals, and law constituting courts of assize (Law no. 4 of 1905) /
_cMinistry of Justice, Egypt
264 3 _aCairo :
_bGovernment Press ; Government Publications Office,
_c1920.
300 _a86 page ;
_c 24 cm.
_billustration ;
336 _2rda contenu
_a texte
337 _2rda medias
_aOrdinateur
338 _2 transporteur rda
_a Ressource en ligne
504 _aComprend des références bibliographiques.
546 _aTexte parallèle en anglais et en français
650 1 _aDroit pénal
_2qrmak
651 1 _2qrmak
856 4 0 _uhttps://fll.law.cu.edu.eg/fulltext/bks/B10-12007.pdf
905 _a74
942 _2ddc
_n0
_cBK
_e21
999 _c74305
_d74305